Countries 50 Cent has Visited - Statistics

General Stats
  • This quiz has been taken 154 times
    21 since last reset
  • The average score is 47 of 64
Answer Stats
Continent Country % Correct
Europe Austria
85%
Europe Belgium
85%
South America Brazil
85%
North America Canada
85%
Europe Croatia
85%
Europe Finland
85%
Europe France
85%
Europe Germany
85%
Asia India
85%
Europe Italy
85%
Asia Japan
85%
North America Mexico
85%
Europe Netherlands
85%
Asia/ Europe Russia
85%
Asia Saudi Arabia
85%
Europe Sweden
85%
Asia/ Europe Turkey
85%
Europe United Kingdom
85%
North America United States of America
85%
Africa Algeria
77%
Oceania Australia
77%
South America Chile
77%
Europe Czech Republic
77%
Europe Denmark
77%
Europe Estonia
77%
Europe Greece
77%
Europe Latvia
77%
Europe Lithuania
77%
Europe Norway
77%
Europe Poland
77%
Europe Portugal
77%
Europe Slovakia
77%
Europe Spain
77%
Europe Switzerland
77%
Europe Bulgaria
69%
South America Colombia
69%
Europe Cyprus
69%
North America Dominican Republic
69%
Europe Hungary
69%
Europe Ireland
69%
Asia Israel
69%
Europe Monaco
69%
Africa Morocco
69%
Oceania New Zealand
69%
South America Peru
69%
Europe Romania
69%
Europe Serbia
69%
Europe Slovenia
69%
Asia Taiwan
69%
Asia Thailand
69%
Asia United Arab Emirates
69%
South America Venezuela
69%
North America Bahamas
62%
Asia Bahrain
62%
Asia Indonesia
62%
Asia Iraq
62%
Africa Kenya
62%
Africa Nigeria
62%
Africa Democratic Republic of the Congo
54%
Asia Lebanon
54%
Europe North Macedonia
54%
Asia Kazakhstan
46%
Africa Somalia
46%
Asia Armenia
31%
No matching quizzes found
Score Distribution
Percent of People with Each Score
Percentile by Number Answered
Your Score History
You have not taken this quiz since the last reset